000 00891cam a22002774a 4500
999 _c7021
_d7021
001 12199534
003 OSt
005 20210824155945.0
008 001011s2001 nyua b 001 0 eng
010 _a 00011831
020 _a071673883X (pbk.)
040 _aDLC
_cDLC
_dDLC
042 _apcc
050 0 0 _aQH541
_b.R54 2000
082 0 0 _a577RIC2000
100 1 _aRicklefs, Robert E.
_98454
245 1 4 _aThe economy of nature /
_cRobert E. Ricklefs.
250 _a5th ed.
260 _aNew York :
_bW.H. Freeman,
_cc2001.
300 _axxv, 550 p. :
_bcol. ill. ;
_c28 cm.
504 _aIncludes bibliographical references.
650 0 _aEcology.
_9544
906 _a7
_bcbc
_corignew
_d1
_eecip
_f20
_gy-gencatlg
942 _2ddc
_cO_SHELF